000
00334nam a2200145Ia 4500
008
230718s9999 xx 000 0 und d
041
_a
Eng.
082
_a
823
_b
BYA-G
100
_a
Byat, A. S
245
0
_a
George Eliot the Mill
260
_a
Pakistan
_b
Oxford comiversity en
_c
1880
300
_a
691
650
_a
Law
999
_c
26192
_d
26192